Acteur de Star Wars - Statistiques

Statistiques générales
  • Ce quiz a été pris 236 fois
  • Le résultat moyen est 17 sur 50
Statistiques - réponses
Hint Réponse % Correct
Han Solo Harrison Ford
81%
Luke Skywalker Mark Hamill
80%
Anakin Skywalker Hayden Christensen
79%
Padmé Amidala Natalie Portman
77%
Obi-Wan Kenobi Ewan McGregor
76%
Leia Organa/Skywalker Carrie Fisher
74%
Mace Windu Samuel L. Jackson
64%
Kylo Ren Adam Driver
61%
Qui-Gon Jinn Liam Neeson
60%
Rey Daisy Ridley
56%
Comte Dooku Christopher Lee
53%
Poe Dameron Oscar Isaac
47%
Finn John Boyega
44%
C-3PO Anthony Daniels
41%
Ben Kenobi Alec Guinness
40%
Ankin Skywalker (Enfant) Jake Lloyd
40%
Dark Vador (Voix) James Earl Jones
34%
Yoda Frank Oz
33%
Lando Calrissian Billy Dee Williams
32%
Supreme Leader Snoke Andy Serkis
29%
Dark Vador David Prowse
29%
Dark Maul Ray Park
27%
Empereur Palpatine Ian McDiarmid
26%
R2-R2 Kenny Baker
26%
Jyn Erso Felicity Jones
25%
Saw Gerrera Forest Whitaker
25%
Capitaine Phasma Gwendoline Christie
25%
Chewbacca Peter Mayhew
25%
Galen Erso Mads Mikkelsen
24%
Jar Jar Binks Ahmed Best
22%
Cassian Andor Diego Luna
22%
Maz Kanata Lupita Nyong'o
22%
Grand Moff Tarkin Peter Cushing
22%
Wicket Warwick Davis
22%
Vice Amiral Holdo Laura Dern
21%
Jango Fett Temuera Morrison
21%
Rose Tico Kelly Marie Tran
20%
General Hux Domhnall Gleeson
19%
Anakin Skywalker (Fantôme) Sebastian Shaw
19%
DJ Benicio del Toro
17%
Lieutenant Connix Billie Lourd
17%
Boba Fett Jeremy Bulloch
17%
Directeur Orson Krennic Ben Mendelsohn
14%
Boba Fett (Enfant) Daniel Logan
14%
Bail Organa Jimmy Smits
14%
K2S0 Alan Tudyk
13%
Chirrut Imwe Donnie Yen
12%
Boodhi Rook Riz Ahmed
12%
Général Grievous Matthew Wood
10%
Baze Malbus Jiang Wen
9%
Aucun quiz correspondant
Distribution des résultats
% des personnes avec chaque résultat
Percentile par nombre de réponses
Votre historique - résultats
Vous n’avez pas pris ce quiz